Worst Dictators Ever - Statistics

General Stats
  • This quiz has been taken 229 times
  • The average score is 5 of 10
Answer Stats
Rank Dictator Country # of Kills Years Active % Correct
#3 Adolf Hitler Germany 17 Million 1934-1945
98%
#2 Jozef Stalin USSR 23 Million 1922-1953
97%
#1 Mao Zedong China 78 Million 1943-1976
78%
#7 Pol Pot Cambodia 1.7 Million 1963-1981
74%
#4 Leopold II Belgium 15 Million 1865-1909
56%
#8 Kim Il Sung North Korea 1.6 Million 1948-1994
55%
#5 Hideki Tojo Japan 5 Million 1941-1944
48%
#6 Ismail Enver Pasha Turkey 2.5 Million 1913-1919
21%
#9 Mengitsu Halle Mariam Ethiopia 1.5 Million 1974-1991
13%
#10 Yakubu Gowon Nigeria 1.1 Million 1966-1975
8%
No matching quizzes found
Score Distribution
Percent of People with Each Score
Percentile by Number Answered
Your Score History
You have not taken this quiz